Central Library OPAC University of Rajshahi

The Thomas Jefferson papers / (Record no. 27532)

MARC details
000 -LEADER
fixed length control field 00748nam a2200253 a 4500
001 - CONTROL NUMBER
control field 27532
003 - CONTROL NUMBER IDENTIFIER
rucl marc code BD-RjUL
005 - DATE AND TIME OF LATEST TRANSACTION
control field 20211209051152.0
008 - FIXED-LENGTH DATA ELEMENTS--GENERAL INFORMATION
fixed length control field 140325s1963 nyuch 001 0aeng d
035 ## - SYSTEM CONTROL NUMBER
System control number (BD-RjUL)27606
040 ## - CATALOGING SOURCE
Original cataloging agency WLN
Language of cataloging eng
Transcribing agency WLN
Modifying agency BD-RjUL
041 ## - LANGUAGE CODE
Language code of text/sound track or separate title eng
082 00 - DEWEY DECIMAL CLASSIFICATION NUMBER
Classification number 973.46092
Author mark and year DOT 1963
100 1# - MAIN ENTRY--PERSONAL NAME
Personal name Donovan, Frank Robert,
Dates associated with a name 1906-
9 (RLIN) 84572
245 14 - TITLE STATEMENT
Title The Thomas Jefferson papers /
Statement of responsibility, etc. by Frank Donovan.
260 ## - PUBLICATION, DISTRIBUTION, ETC. (IMPRINT)
Place of publication, distribution, etc. New York :
Name of publisher, distributor, etc. Dodd, Mead,
Date of publication, distribution, etc. c1963.
300 ## - PHYSICAL DESCRIPTION
Pagination ix, 304 p. ;
Size 22 cm.
490 0# - SERIES STATEMENT
Series statement The Papers of the Founding Fathers
504 ## - BIBLIOGRAPHY, ETC. NOTE
Bibliography, etc Includes index.
600 10 - SUBJECT ADDED ENTRY--PERSONAL NAME
Personal name Jefferson, Thomas,
Dates associated with a name 1743-1826.
700 1# - ADDED ENTRY--PERSONAL NAME
Personal name Jefferson, Thomas,
Dates associated with a name 1743-1826.
942 ## - ADDED ENTRY ELEMENTS (KOHA)
Source of classification or shelving scheme Dewey Decimal Classification
Koha item type Books
Holdings
Lost status Source of classification or shelving scheme Damaged status Not for loan Collection code Permanent Location Current Location Shelving location Date acquired Source of acquisition Total Checkouts Full call number Date last seen Copy number Koha item type
  Dewey Decimal Classification   Added to bundle Non-fiction Central Library, University of Rajshahi Central Library, University of Rajshahi Reading Room 17/04/1974 U. S. I. S.   973.46092 DOT 1963 25/03/2014 C-1 Books